000 00649na a2200241 4500
001 21906
003 MIRAKIL
005 20181226092846.0
008 170208b tu n0 0 0
035 _a20918
040 _aMilas
_btur
_cTR-AnCHP
041 _atur
090 _a050 DER 53
245 _aDünya basınından herkes için seçilmiş yazılar
260 _aİstanbul
_bArif Bolat Kitabevi
_c1948-1949
300 _ac.
_bres.
_c19 sm.
310 _aHaftalık
362 _a1.cilt, 1.sayı (Eylül 1948)-2.c.,12.s.(1949)
650 _aEdebiyat
_vSüreli yayınlar
650 _aMagazin
910 _aDERGİ 53
942 _2ddc
_cSER
999 _c11498
_d11498